MARC details
| 000 -LEADER |
| fixed length control field |
02016cam a2200385Ki 4500 |
| 001 - CONTROL NUMBER |
| control field |
7968398 |
| 003 - CONTROL NUMBER IDENTIFIER |
| control field |
ARRUPE |
| 005 - DATE AND TIME OF LATEST TRANSACTION |
| control field |
20140121135341.0 |
| 006 - FIXED-LENGTH DATA ELEMENTS--ADDITIONAL MATERIAL CHARACTERISTICS--GENERAL INFORMATION |
| fixed length control field |
m d |
| 007 - PHYSICAL DESCRIPTION FIXED FIELD--GENERAL INFORMATION |
| fixed length control field |
cr bn||||||abp |
| 007 - PHYSICAL DESCRIPTION FIXED FIELD--GENERAL INFORMATION |
| fixed length control field |
cr bn||||||ada |
| 008 - FIXED-LENGTH DATA ELEMENTS--GENERAL INFORMATION |
| fixed length control field |
100311s1871 enk ob 000 0 eng d |
| 035 ## - SYSTEM CONTROL NUMBER |
| System control number |
(OCoLC)ocn551666009 |
| 035 ## - SYSTEM CONTROL NUMBER |
| System control number |
(OCoLC)551666009 |
| 040 ## - CATALOGING SOURCE |
| Original cataloging agency |
OCLCE |
| Language of cataloging |
eng |
| Transcribing agency |
OCLCE |
| Modifying agency |
OCLCQ |
| 049 ## - LOCAL HOLDINGS (OCLC) |
| Holding library |
ZCUA |
| 050 #4 - LIBRARY OF CONGRESS CALL NUMBER |
| Classification number |
BT20 |
| Item number |
.P75 |
| 082 04 - DEWEY DECIMAL CLASSIFICATION NUMBER |
| Classification number |
230 |
| 100 1# - MAIN ENTRY--PERSONAL NAME |
| Personal name |
Priestley, Joseph, |
| Dates associated with a name |
1733-1804. |
| 9 (RLIN) |
6810 |
| 245 12 - TITLE STATEMENT |
| Title |
A history of the corruptions of Christianity |
| Medium |
[electronic resource] / |
| Statement of responsibility, etc |
by Joseph Priestley. |
| 250 ## - EDITION STATEMENT |
| Edition statement |
Reprinted from Rutt's ed., with notes : |
| Remainder of edition statement |
to which are appended considerations in evidence that the apostolic and primitive church was Unitarian, extracted from Priestley's replies to Bishop Horsley, the bench of bishops, and others. |
| 260 ## - PUBLICATION, DISTRIBUTION, ETC. (IMPRINT) |
| Place of publication, distribution, etc |
London : |
| Name of publisher, distributor, etc |
British and Foreign Unitarian Association, |
| Date of publication, distribution, etc |
1871. |
| 300 ## - PHYSICAL DESCRIPTION |
| Extent |
1 online resource (xvi, 336 p.) |
| 500 ## - GENERAL NOTE |
| General note |
"Seventh thousand." |
| 504 ## - BIBLIOGRAPHY, ETC. NOTE |
| Bibliography, etc |
Includes bibliographical references. |
| 506 ## - RESTRICTIONS ON ACCESS NOTE |
| Materials specified |
Use copy |
| Standardized terminology for access restriction |
Restrictions unspecified |
| Source of term |
star |
| Institution to which field applies |
MiAaHDL |
| 533 ## - REPRODUCTION NOTE |
| Type of reproduction |
Electronic reproduction. |
| Place of reproduction |
[S.l.] : |
| Agency responsible for reproduction |
HathiTrust Digital Library, |
| Date of reproduction |
2010. |
| 538 ## - SYSTEM DETAILS NOTE |
| System details note |
Master and use copy. Digital master created according to Benchmark for Faithful Digital Reproductions of Monographs and Serials, Version 1. Digital Library Federation, December 2002. |
| Uniform Resource Identifier |
<a href="http://purl.oclc.org/DLF/benchrepro0212">http://purl.oclc.org/DLF/benchrepro0212</a> |
| 583 1# - ACTION NOTE |
| Action |
digitized |
| Time/date of action |
2010 |
| Jurisdiction |
HathiTrust Digital Library |
| Status |
committed to preserve |
| Source of term |
pda |
| Institution to which field applies |
MiAaHDL |
| 650 #0 - SUBJECT ADDED ENTRY--TOPICAL TERM |
| Topical term or geographic name as entry element |
Theology, Doctrinal |
| General subdivision |
History. |
| 9 (RLIN) |
6811 |
| 650 #0 - SUBJECT ADDED ENTRY--TOPICAL TERM |
| Topical term or geographic name as entry element |
Heresies and heretics |
| General subdivision |
History. |
| 9 (RLIN) |
6812 |
| 776 08 - ADDITIONAL PHYSICAL FORM ENTRY |
| Display text |
Print version: |
| Main entry heading |
Priestley, Joseph, 1733-1804. |
| Title |
History of the corruptions of Christianity. |
| Edition |
Reprinted from Rutt's ed., with notes. |
| Place, publisher, and date of publication |
London : British and Foreign Unitarian Association, 1871 |
| Record control number |
(OCoLC)2377482 |
| 856 40 - ELECTRONIC LOCATION AND ACCESS |
| Materials specified |
HathiTrust Digital Library |
| Uniform Resource Identifier |
<a href="http://catalog.hathitrust.org/api/volumes/oclc/2377482.html">http://catalog.hathitrust.org/api/volumes/oclc/2377482.html</a> |
| 942 ## - ADDED ENTRY ELEMENTS (KOHA) |
| Source of classification or shelving scheme |
Library of Congress Classification |
| Koha item type |
Monograph ( Printed materials) |